Prem-Mohini / (Record no. 46585)

MARC details
000 -LEADER
fixed length control field 01121njm a22002777a 4500
005 - DATE AND TIME OF LATEST TRANSACTION
control field 20100917153557.0
006 - FIXED-LENGTH DATA ELEMENTS--ADDITIONAL MATERIAL CHARACTERISTICS--GENERAL INFORMATION
fixed length control field a|||||r|||||00| 0
007 - PHYSICAL DESCRIPTION FIXED FIELD--GENERAL INFORMATION
fixed length control field sd ammalaaahaa
008 - FIXED-LENGTH DATA ELEMENTS--GENERAL INFORMATION
fixed length control field 100907t xxu||||| |||| 00| 0 eng d
028 ## - PUBLISHER NUMBER
Publisher number 2392945
Source His Master's Voice
035 ## - SYSTEM CONTROL NUMBER
System control number GR-03307
100 ## - MAIN ENTRY--PERSONAL NAME
Personal name Vijay Singh
9 (RLIN) 18693
245 ## - TITLE STATEMENT
Title Prem-Mohini /
Statement of responsibility, etc by Sudha Vijay Singh; music by Raghunath Seth; lyric by Jagat Guru Kripaluji
Medium [Sound recording]
246 ## - VARYING FORM OF TITLE
Title proper/short title प्रेम मोहिनी /
260 ## - PUBLICATION, DISTRIBUTION, ETC. (IMPRINT)
Place of publication, distribution, etc Dum Dum, India
Name of publisher, distributor, etc His Master's Voice
Date of publication, distribution, etc 1981
300 ## - PHYSICAL DESCRIPTION
Extent 1 sound disc [Gramophone Recording]
Other physical details analog, 33 1/3rpm ;
Dimensions 12 in. (LP)
Type of unit Gramaphone Records
500 ## - GENERAL NOTE
General note Brief record
500 ## - GENERAL NOTE
General note Record labels : His Master's Voice, Red
505 ## - FORMATTED CONTENTS NOTE
Formatted contents note Side-1 (Nand lal pyare yashuda dulare) (Sudha Singh)Side--2 (Vrashbhanu lali gun gaiye) (Vijay Singh)
600 ## - SUBJECT ADDED ENTRY--PERSONAL NAME
Source of heading or term Bhosle, Asha
650 ## - SUBJECT ADDED ENTRY--TOPICAL TERM
Topical term or geographic name as entry element Thumris
General subdivision Excerpts
Geographic subdivision India
9 (RLIN) 18694
700 ## - ADDED ENTRY--PERSONAL NAME
9 (RLIN) 20464
Personal name Raghunath Seth
700 ## - ADDED ENTRY--PERSONAL NAME
9 (RLIN) 20465
Personal name Jagaguru Kripaluji
942 ## - ADDED ENTRY ELEMENTS (KOHA)
Source of classification or shelving scheme Dewey Decimal Classification
Item type Gramaphone Records
Holdings
Withdrawn status Lost status Source of classification or shelving scheme Damaged status Not for loan Collection code Home library Current library Date acquired Source of acquisition Total Checkouts Barcode Date last seen Copy number Price effective from Koha item type
    Dewey Decimal Classification   Not For Loan Non-fiction Central Library Central Library 17/09/2010 SED/VEN   GR-03307 17/09/2010 1 17/09/2010 Gramaphone Records

© Delhi Public Library
Hit Counter
free hit counter